Score 0/63 Timer 08:00
0 Plays Today
Capital Country % Correct
5 Letter Countries~ C H I N A ~
99.3%
6 Letter Countries~ R U S S I A ~
97.4%
6 Letter Countries~ C A N A D A ~
95.9%
6 Letter Countries~ S W E D E N ~
95.6%
6 Letter Countries~ B R A Z I L ~
95.4%
7 Letter Countries~ F I N L A N D ~
91.3%
5 Letter Countries~ E G Y P T ~
90.7%
5 Letter Countries~ S P A I N ~
90.5%
7 Letter Countries~ U K R A I N E ~
90.4%
6 Letter Countries~ G R E E C E ~
90.4%
6 Letter Countries~ F R A N C E ~
90.3%
6 Letter Countries~ M E X I C O ~
90.2%
7 Letter Countries~ I R E L A N D ~
89.2%
6 Letter Countries~ P O L A N D ~
88.7%
6 Letter Countries~ P A N A M A ~
88.4%
6 Letter Countries~ T U R K E Y ~
85.7%
7 Letter Countries~ H U N G A R Y ~
83.8%
6 Letter Countries~ T A I W A N ~
83.7%
5 Letter Countries~ H A I T I ~
82.9%
5 Letter Countries~ L I B Y A ~
82%
6 Letter Countries~ S E R B I A ~
81.5%
7 Letter Countries~ A L G E R I A ~
81%
7 Letter Countries~ V I E T N A M ~
80.5%
7 Letter Countries~ R O M A N I A ~
80%
7 Letter Countries~ L E B A N O N ~
79.9%
7 Letter Countries~ B E L A R U S ~
79.4%
7 Letter Countries~ E S T O N I A ~
76.7%
5 Letter Countries~ Y E M E N ~
76.4%
7 Letter Countries~ E C U A D O R ~
73.7%
5 Letter Countries~ S U D A N ~
72.1%
7 Letter Countries~ A L B A N I A ~
69.7%
5 Letter Countries~ Q A T A R ~
68.6%
Capital Country % Correct
7 Letter Countries~ G E O R G I A ~
68.5%
5 Letter Countries~ M A L T A ~
68.2%
5 Letter Countries~ G H A N A ~
67.9%
7 Letter Countries~ S E N E G A L ~
63.2%
6 Letter Countries~ K O S O V O ~
61.6%
7 Letter Countries~ N A M I B I A ~
61.2%
7 Letter Countries~ A R M E N I A ~
60%
7 Letter Countries~ M O L D O V A ~
59.7%
5 Letter Countries***********NIGER*********** (vertically down the 4th column)
58.4%
6 Letter Countries~ U G A N D A ~
58.3%
6 Letter Countries~ B E L I Z E ~
58%
6 Letter Countries**********RWANDA********** (diagonally top left to bottom right)
56.5%
6 Letter Countries~ G U Y A N A ~
54.9%
5 Letter Countries***********ITALY*********** (vertically up the 3rd column)
53.3%
6 Letter Countries~ G U I N E A ~
52%
5 Letter Countries~ S A M O A ~
51.7%
5 Letter Countries~ B E N I N ~
51.5%
5 Letter Countries~ T O N G A ~
51.1%
6 Letter Countries~ M A L A W I ~
49.8%
5 Letter Countries~ N A U R U ~
48%
6 Letter Countries***********ISRAEL*********** (vertically down the 3rd column)
45.9%
5 Letter Countries~ P A L A U ~
45%
5 Letter Countries***********GABON*********** (diagonally bottom left to top right)
44.7%
7 Letter Countries***********NIGERIA*********** (diagonally bottom right to top left)
44.5%
6 Letter Countries**********MONACO********** (diagonally bottom left to top right)
43.2%
7 Letter Countries~ E R I T R E A ~
42.1%
7 Letter Countries~ G R E N A D A ~
40.8%
7 Letter Countries**********CROATIA********** (diagonally bottom left to top right)
40.7%
7 Letter Countries~ L E S O T H O ~
39.3%
7 Letter Countries~ C O M O R O S ~
38.9%
7 Letter Countries**********ANDORRA********** (vertically up the 5th column)
37.3%
Remove Ads.
Support Sporcle.
Get the best of Sporcle when you Go Orange. This ad-free experience offers more features, more stats, and more fun while also helping to support Sporcle. Thank you for becoming a member.

You're not logged in!

Compare scores with friends on all Sporcle quizzes.
OR
Log In

Sporcle TV

Today on Sporcle TV


Watch our educational content, quiz creation guides, and fun videos on Sporcle TV.

Show Comments

Extras

Top Quizzes Today


Score Distribution

Paid Content

Your Account Isn't Verified!

In order to create a playlist on Sporcle, you need to verify the email address you used during registration. Go to your Sporcle Settings to finish the process.

Report this User

Report this user for behavior that violates our Community Guidelines.

Details: